| 000 | 00375nam a22001457a 4500 | ||
|---|---|---|---|
| 020 | _a0-471-08936-2 | ||
| 082 | _a629.13236 ETK'D | ||
| 100 |
_aETKIN, BERNARD _975225 |
||
| 245 | _aDYNAMICS OF FLIGHT STABILITY AND CONTROL | ||
| 250 | _a2ND | ||
| 260 |
_aNEWYORK _bJOHN WILEY _c1982 |
||
| 300 | _a370P | ||
| 650 |
_aAERODYNAMICS STABILITY OF AEROPLANE _975226 |
||
| 942 | _cBK | ||
| 999 |
_c580687 _d580687 |
||